Vista normal
Vista MARC
Entrada Nombre corporativo
Número de registros utilizados en: 9
001 - NÚMERO DE CONTROL
- campo de control: 16035
003 - IDENTIFICADOR DEL NÚMERO DE CONTROL
- campo de control: OSt
005 - FECHA Y HORA DE LA ÚLTIMA TRANSACCIÓN
- campo de control: 20211025112951.0
008 - DATOS DE LONGITUD FIJA
- campo de control de longitud fija: 200615|| aca||aabn | a|a d
040 ## - FUENTE DE LA CATALOGACIÓN
- Centro catalogador/agencia de origen: OSt
- Centro/agencia transcriptor: OSt
110 2# - ENCABEZAMIENTO-NOMBRE DE ENTIDAD CORPORATIVA
- Nombre de entidad corporativa o nombre de jurisdicción como elemento de entrada: Corporación Dominicano de Electricidad
400 1# - TRAZADO DE VÉASE--NOMBRE DE PERSONA
- Nombre de persona: Corporación Dominicana de Electricidad
410 ## - TRAZADO DE VÉASE--NOMBRE DE ENTIDAD CORPORATIVA
- Nombre de entidad corporativa o nombre de jurisdicción como elemento de entrada: CDE
410 1# - TRAZADO DE VÉASE--NOMBRE DE ENTIDAD CORPORATIVA
- Nombre de entidad corporativa o nombre de jurisdicción como elemento de entrada: C.D.E.
670 ## - FUENTE DE DATOS ENCONTRADOS
- Cita de la fuente: República Dominicana 447, Leyes, reglamentos, resoluciones y decretos de la Corporación Dominicana de Electricidad., 1985.
670 ## - FUENTE DE DATOS ENCONTRADOS
- Cita de la fuente: Corporación Dominicana de Electricidad
